000 00264nam a22001097a 4500
008 170116b xxu||||| |||| 00| 0 eng d
020 _a9781416029137
041 _aeng
080 _25TH
_a618.2
245 _aINTERPERSONAL RELATIONSHIPS
_cARNOLD, E.C
942 _2udc
_cBK
999 _c2968
_d2968